000 00368nam a2200145 i 4500
001 bg
100 1 _aKOLASA, M. A.
245 0 _aEnglish for Students of Sanitary and Water Engineering /
_cM.A. Kolasa, M. Werner.
260 _aWarszawa,
_c1986.
700 1 _aWERNER, M.
040 _cBPK
041 _apol
942 _cKS
008 s pl f |000 0 pol
999 _c3091
_d3091
856 _uhttp://koha.tu.koszalin.pl/cgi-bin/koha/opac-detail.pl?biblionumber=3091
_yKatalog online BPK